Can the Taylor rule be a good guidance for policy? The case of 2001–2008 real estate bubble
Charakteristika Taylorovho pravidla určujúceho výšku úrokových sadzieb. Komparácia výšky sadzieb stanovených FEDom (podľa jadrovej inflácie a Okunovho zákona) s výškou určenou Taylorovym pravidlom. Manipulácia úrokových sadzieb a makroekonomická stabilita.
Salvato in:
| Autore principale: | |
|---|---|
| Natura: | Capitolo di libro |
| Lingua: | inglese |
| Soggetti: | |
| Tags: |
Nessun Tag, puoi essere il primo ad aggiungerne!!
|
MARC
| LEADER | 00000naa a2200000 4500 | ||
|---|---|---|---|
| 001 | 0222025 | ||
| 005 | 20230912081409.6 | ||
| 041 | 0 | |a eng | |
| 044 | |a CZ | ||
| 245 | 1 | 0 | |a Can the Taylor rule be a good guidance for policy? The case of 2001–2008 real estate bubble |c Mateusz Machaj |
| 520 | |a Charakteristika Taylorovho pravidla určujúceho výšku úrokových sadzieb. Komparácia výšky sadzieb stanovených FEDom (podľa jadrovej inflácie a Okunovho zákona) s výškou určenou Taylorovym pravidlom. Manipulácia úrokových sadzieb a makroekonomická stabilita. | ||
| 610 | 2 | 0 | |a Taylorovo pravidlo |
| 610 | 2 | 0 | |a kríza hospodárska |
| 610 | 2 | 0 | |a sadzby úrokové |
| 610 | 2 | 0 | |a politika menová |
| 610 | 2 | 0 | |a teória cyklu |
| 100 | 1 | |a Machaj, Mateusz | |